000 01041nam a2200277Ia 4500
001 ebr10742643
003 CaPaEBR
006 m o u
007 cr cn|||||||||
008 111102s2013 enka s 000 0 eng d
020 _z9781849697545
020 _z9781849697552
040 _aCaPaEBR
_cCaPaEBR
035 _a(OCoLC)855897486
050 1 4 _aQA76.73.J38
_bG73 2013eb
100 1 _aGrandjean, Cyril.
245 1 0 _aInstant highcharts
_h[electronic resource] /
_cCyril Grandjean.
260 _aBirmingham, UK :
_bPackt Pub.,
_c2013.
300 _a35 p. :
_bill.
533 _aElectronic reproduction.
_bPalo Alto, Calif. :
_cebrary,
_d2013.
_nAvailable via World Wide Web.
_nAccess may be limited to ebrary affiliated libraries.
650 0 _aClient/server computing.
650 0 _aJavaScript (Computer program language)
655 7 _aElectronic books.
_2local
710 2 _aebrary, Inc.
856 4 0 _uhttp://site.ebrary.com/lib/rucke/Doc?id=10742643
_zAn electronic book accessible through the World Wide Web; click to view
999 _c149595
_d149595